[Event "9th ECC w"]
[Site "Izmir TUR"]
[Date "2004.10.03"]
[Round "1"]
[White "Kononenko,T"]
[Black "Dzagnidze,N"]
[Result "1/2-1/2"]
[WhiteElo "2361"]
[BlackElo "2476"]

1.d4 Nf6 2.c4 e6 3.Nf3 b6 4.a3 Ba6 5.Qc2 Bb7 6.Nc3 c5 7.e4 cxd4 8.Nxd4 Nc6
9.Nxc6 Bxc6 10.Bd3 Qc7 11.f4 Bc5 12.e5 Ng4 13.Ne4 Bxe4 14.Bxe4 Rc8 15.Bf3 h5
16.h3 Nh6 17.g4 d6 18.f5 dxe5 19.fxe6 e4 20.Qxe4 Qg3+ 21.Kd1 O-O 22.Bxh6 gxh6
23.Kc2 Qf2+ 24.Kb3 Bd4 25.Be2 fxe6 26.Raf1 Qe3+ 27.Qxe3 Bxe3 28.gxh5 Rcd8
29.Rxf8+ Kxf8 30.Rd1 Rxd1 31.Bxd1 Ke7  1/2-1/2

[Event "9th ECC w"]
[Site "Izmir TUR"]
[Date "2004.10.04"]
[Round "2"]
[White "Jiretorn,E"]
[Black "Sirotkina,N"]
[Result "1/2-1/2"]
[WhiteElo "2145"]
[BlackElo "2221"]

1.d4 Nf6 2.c4 e6 3.Nf3 b6 4.a3 Bb7 5.g3 Be7 6.Bg2 O-O 7.O-O d5 8.Ne5 Nbd7
9.Nc3 c6 10.Nxd7 Nxd7 11.cxd5 exd5 12.Bf4 a5 13.Rc1 Nf6 14.e4 dxe4 15.Nxe4 Nd5
16.Bd2 Qd7 17.Nc3 Nxc3 18.Bxc3 Bg5 19.Rc2 Rfd8 20.d5 c5 21.h4 Be7 22.Qh5 Bf8
23.Re1 Re8 24.Rce2 Rxe2 25.Rxe2 b5 26.Kh2 b4 27.axb4 axb4 28.Bd2 c4 29.Bf4 Rd8
30.Qe5 h6 31.Rc2 Ba6 32.Be4 Re8 33.Qf5 Qxf5 34.Bxf5 Rd8 35.Be4 Bd6 36.Bxd6 Rxd6
37.Kg2 g6 38.f4 h5 39.Kf2 Kf8 40.Ke3 Ke7 41.Kd4 Rb6 42.Kc5 Rb8 43.d6+ Ke6
44.Rd2 c3 45.bxc3 bxc3 46.Rc2 Rc8+ 47.Kb6 Bf1 48.Bb7 Rc4  1/2-1/2

[Event "YM"]
[Site "Winterthur SUI"]
[Date "2004.10.05"]
[Round "5"]
[White "Bucher,M"]
[Black "Kuemin,S"]
[Result "1-0"]
[WhiteElo "2213"]
[BlackElo "2392"]

1.d4 Nf6 2.Nf3 e6 3.c4 b6 4.a3 Ba6 5.Qc2 Bb7 6.Nc3 c5 7.e4 cxd4 8.Nxd4 d6
9.Be2 Be7 10.O-O O-O 11.Be3 a6 12.f4 Qc7 13.Kh1 Nbd7 14.Rad1 Rfe8 15.f5 Bf8
16.fxe6 fxe6 17.Bg5 b5 18.Bxf6 Nxf6 19.cxb5 Bxe4 20.Nxe4  1-0

[Event "Open"]
[Site "Winterthur SUI"]
[Date "2004.10.05"]
[Round "5"]
[White "Blasko,I"]
[Black "Kelecevic,N"]
[Result "1/2-1/2"]
[WhiteElo "2318"]
[BlackElo "2393"]

1.d4 e6 2.c4 Nf6 3.Nf3 b6 4.a3 Bb7 5.Nc3 d5 6.cxd5 Nxd5 7.Qc2 Be7 8.e4 Nxc3
9.bxc3 O-O 10.Be3 c5 11.Bd3 cxd4 12.cxd4 Qc8 13.Qd2 Ba6 14.O-O Bxd3 15.Qxd3 Nd7
16.Bg5 Bxg5 17.Nxg5 h6 18.Nf3 Qb7 19.a4 Rfd8 20.Rfe1 a6 21.g4 Rac8 22.Rab1 Nc5
23.Qc2 Nd7 24.Qd3 Nc5 25.Qc2 Nd7  1/2-1/2

[Event "YM"]
[Site "Winterthur SUI"]
[Date "2004.10.08"]
[Round "8"]
[White "Bucher,M"]
[Black "Benkovic,P"]
[Result "1-0"]
[WhiteElo "2213"]
[BlackElo "2430"]

1.d4 Nf6 2.c4 e6 3.Nf3 b6 4.a3 c5 5.Nc3 cxd4 6.Nxd4 d6 7.e4 Bb7 8.Bd3 Nbd7
9.O-O Be7 10.Kh1 Nc5 11.Qe2 Nxd3 12.Qxd3 O-O 13.Bg5 a6 14.f4 Rc8 15.f5 Ng4
16.Bxe7 Qxe7 17.Qh3 Nf6 18.fxe6 fxe6 19.Nxe6 Rfe8 20.Nd4 Nxe4 21.Nf5 Qe5
22.Rad1 Rf8 23.Qg4 h5 24.Qg6 Nxc3 25.bxc3 Be4 26.Nh6+ Kh8 27.Nf7+ Rxf7 28.Qxf7 Qg5
29.Rf2 Kh7 30.Qe6 Bb7 31.Qxd6 Rxc4 32.Qd3+ Re4 33.Re1 Qg6 34.Rxe4 Bxe4 35.Qe3 b5
36.Qg3 Qc6 37.Qg5 Bg6 38.Qe5 Qd7 39.h3 Qd1+ 40.Kh2 Qd3 41.Rf8 a5 42.Rb8 b4
43.cxb4 h4 44.Rb7 Kh6 45.Qxg7+  1-0

[Event "9th ECC w"]
[Site "Izmir TUR"]
[Date "2004.10.09"]
[Round "7"]
[White "Kononenko,T"]
[Black "Bojkovic,N"]
[Result "1/2-1/2"]
[WhiteElo "2305"]
[BlackElo "2398"]

1.d4 Nf6 2.c4 e6 3.Nf3 b6 4.a3 Bb7 5.Nc3 g6 6.Bg5 Bg7 7.e4 h6 8.Bxf6 Qxf6
9.Be2 Qd8 10.O-O d6 11.Qa4+ c6 12.Rfd1 O-O 13.Rac1 Nd7 14.b4 a5 15.Qb3 axb4
16.axb4 Re8 17.Rd2 h5 18.Rcd1 Qc7 19.c5 bxc5 20.dxc5 d5 21.exd5 exd5 22.Nd4 Re7
23.Bf1 Rae8 24.Qb1 Nf6 25.b5 cxb5 26.Ndxb5 Qxc5 27.Na4 Qc6 28.Rc2 Qd7 29.Nc5 Qd8
30.Nxb7 Rxb7 31.Qc1 Qb8 32.Nc7 Rd8 33.g3 Rb3 34.Na6 Qe5 35.Re2 Qd6 36.Rc2 Rb6
37.Nc7 Kh7 38.Bg2 d4 39.Bf1 Nd5 40.Nb5 Qb4 41.Nxd4 Ne7 42.Nf3 Rxd1 43.Qxd1 Bf6  1/2-1/2

[Event "FSGM October"]
[Site "Budapest HUN"]
[Date "2004.10.11"]
[Round "10"]
[White "Szeberenyi,A"]
[Black "Szabo,K"]
[Result "1/2-1/2"]
[WhiteElo "2422"]
[BlackElo "2371"]

1.d4 Nf6 2.c4 e6 3.Nf3 b6 4.a3 Ba6 5.Nbd2 d5 6.cxd5 exd5 7.Ne5 Bb7 8.Ndf3 Be7
9.Qa4+ c6 10.g3 O-O 11.Bg2 Ne4 12.O-O Qe8 13.Re1 c5 14.Qxe8 Rxe8 15.e3 Na6  1/2-1/2

[Event "Essent Open"]
[Site "Hoogeveen NED"]
[Date "2004.10.18"]
[Round "4"]
[White "Porat,Dav"]
[Black "Van der Wiel,J"]
[Result "1/2-1/2"]
[WhiteElo "2280"]
[BlackElo "2493"]

1.d4 Nf6 2.c4 e6 3.Nf3 b6 4.a3 Bb7 5.Nc3 g6 6.d5 exd5 7.cxd5 Bg7 8.e4 Qe7
9.Qd4 O-O 10.Bg5 h6 11.Bxf6 Bxf6 12.Qe3 Bxc3+ 13.bxc3 Re8 14.Bd3 f5 15.Qxh6 Qg7
16.Qxg7+ Kxg7 17.O-O-O fxe4 18.Rhe1 Bxd5 19.Ng5 Bb3 20.Bc2 Bxc2 21.Kxc2 d6
22.Nxe4 Nd7 23.h4  1/2-1/2

[Event "Essent Open"]
[Site "Hoogeveen NED"]
[Date "2004.10.23"]
[Round "9"]
[White "Delemarre,J"]
[Black "Porat,I"]
[Result "1/2-1/2"]
[WhiteElo "2449"]
[BlackElo "2260"]

1.d4 Nf6 2.c4 e6 3.Nf3 b6 4.a3 Bb7 5.Nc3 d5 6.Bg5 Be7 7.Qa4+ Qd7 8.Qxd7+ Nbxd7
9.Nb5 Bd8 10.cxd5 Nxd5 11.e4 N5f6 12.Rc1 Bxe4 13.Nd2 Bd5 14.Nxc7+ Bxc7 15.Rxc7 Kd8
16.Rc3 h6 17.Bh4 Bb7 18.Bg3 Nd5 19.Rc1 N7f6 20.f3 Ke7 21.Ne4 Rhd8 22.Nxf6 Nxf6
23.Rc7+ Rd7 24.Rxd7+ Nxd7 25.Bd3 Rd8 26.Ke2 Nf6 27.Bf2 Nd5 28.g3 Rc8 29.Rd1 Rc7
30.Be1 Kd8 31.Bd2 Ne7 32.Bf4 Rd7 33.Be3 Nf5 34.Bxf5  1/2-1/2

[Event "Essent Open"]
[Site "Hoogeveen NED"]
[Date "2004.10.23"]
[Round "9"]
[White "Grooten,H"]
[Black "Li Shilong"]
[Result "0-1"]
[WhiteElo "2391"]
[BlackElo "2526"]

1.d4 Nf6 2.c4 e6 3.Nf3 b6 4.a3 Bb7 5.Nc3 d5 6.Bg5 Be7 7.Qa4+ c6 8.Bxf6 Bxf6
9.cxd5 exd5 10.g3 O-O 11.Bg2 c5 12.O-O Na6 13.e3 Nc7 14.Rfd1 Qe7 15.Rac1 Rfd8
16.Rd2 g6 17.Ne2 c4 18.Nf4 a5 19.Qd1 b5 20.h4 Ra6 21.Nh2 Bg7 22.h5 Ne6 23.Ng4 Ng5
24.h6 Bf8 25.a4 b4 26.e4 Nxe4 27.Bxe4 dxe4 28.Rxc4 Bc8 29.Ne5 Bxh6 30.Nc6 Rxc6
31.Rxc6 Bxf4 32.gxf4 Bb7 33.Rc5 e3 34.Re2 Qxc5 35.fxe3 Qh5  0-1

[Event "4th Rohde Open"]
[Site "Sautron FRA"]
[Date "2004.10.24"]
[Round "2"]
[White "Dobrev,N"]
[Black "Delorme,Al"]
[Result "1-0"]
[WhiteElo "2416"]
[BlackElo "2252"]

1.d4 Nf6 2.Nf3 e6 3.c4 b6 4.a3 Bb7 5.Nc3 d5 6.cxd5 exd5 7.Bg5 Be7 8.Bxf6 Bxf6
9.Qb3 O-O 10.Rd1 Qd6 11.Qc2 c5 12.e3 Nc6 13.dxc5 Qxc5 14.Bd3 Bxc3+ 15.Qxc3 Qxc3+
16.bxc3 Na5 17.Nd4 Rac8 18.Kd2 Rc5 19.Rb1 Rfc8 20.Rhc1 Nc4+ 21.Bxc4 dxc4
22.f3 Ra5 23.Ra1 Kf8 24.e4 g6 25.Rcb1 Rcc5 26.Ke3 Ke7 27.Rb2 f5 28.exf5 gxf5
29.Kf4 Kf6 30.Re2 Re5 31.Rxe5 Rxe5 32.h4 h5 33.Rb1 Ra5 34.Rb5 Rxb5 35.Nxb5 Bc6
36.Nd6 b5 37.Nxf5 a5 38.g4 b4 39.cxb4 c3 40.Ne3 axb4 41.axb4 Kg6 42.g5 Bd7
43.Ke5 Bc6 44.f4 Bd7 45.Kd6  1-0

[Event "4th Rohde Open"]
[Site "Sautron FRA"]
[Date "2004.10.25"]
[Round "3"]
[White "Zimmerman,Y"]
[Black "Fantin,L"]
[Result "1-0"]
[WhiteElo "2365"]
[BlackElo "2175"]

1.d4 Nf6 2.c4 e6 3.Nf3 b6 4.a3 Ba6 5.e3 c5 6.d5 exd5 7.cxd5 Bxf1 8.Kxf1 g6
9.Nc3 Bg7 10.g3 O-O 11.Kg2 Re8 12.Qc2 Qe7 13.e4 d6 14.Re1 a6 15.a4 Nbd7 16.Bf4 Ng4
17.Bg5 Bf6 18.Bc1 Rab8 19.Qe2 b5 20.axb5 Bxc3 21.bxc3 axb5 22.Ra7 Qd8 23.h3 Ngf6
24.Qc2 Qb6 25.Qa2 Rb7 26.Ra6 Qc7 27.Bf4 Rb6 28.Ra7 Qc8 29.e5 dxe5 30.Nxe5 Nxe5
31.Rxe5 Rd8 32.Bg5 c4 33.Qe2 Rf8 34.Qf3 Nd7 35.Re7 Rb7 36.Rxb7 Qxb7  1-0

[Event "4th Rohde Open"]
[Site "Sautron FRA"]
[Date "2004.10.26"]
[Round "4"]
[White "Dobrev,N"]
[Black "Fedorchuk,S"]
[Result "1/2-1/2"]
[WhiteElo "2416"]
[BlackElo "2557"]

1.d4 Nf6 2.Nf3 e6 3.c4 b6 4.a3 Ba6 5.Qb3 c6 6.Nc3 d5 7.cxd5 exd5 8.Bg5 Be7
9.Bxf6 Bxf6 10.e4 Bxf1 11.Rxf1 dxe4 12.Nxe4 O-O 13.O-O-O Nd7 14.Ne5 Bxe5
15.dxe5 Qh4 16.f4 Nxe5 17.g3 Qh6 18.Rd6 Qh3 19.Rf2 Ng4 20.Ng5 Qh5 21.Qf3 h6
22.h3 Nf6 23.Ne4 Qxf3 24.Nxf6+ gxf6 25.Rxf3 c5 26.Rxf6 Kg7 27.Rd6 Rad8 28.Rfd3 Rxd6
29.Rxd6 Re8 30.Kd2 Re7 31.Rd5 Kf6 32.g4 Re4 33.Rf5+ Kg6 34.Kd3 Rd4+ 35.Ke3 Rd1
36.h4 Rb1 37.h5+ Kg7 38.g5 hxg5 39.Rxg5+ Kf6 40.Rg2 Rh1 41.Rg5 Rh2 42.b4 c4
43.a4 c3 44.Rg8 Rxh5 45.Kd3 Rh3+ 46.Kc2 Re3 47.Rc8 Re7 48.Kxc3 Kf5 49.Rc4 Kg4
50.a5 bxa5 51.bxa5 f5 52.a6 Re6 53.Ra4 Re4 54.Rxe4 fxe4 55.Kd2 Kxf4 56.Ke2 Ke5
57.Ke3 Kd5 58.Ke2 Kd4 59.Kd2 e3+ 60.Ke2 Ke4 61.Ke1  1/2-1/2

[Event "19th Open"]
[Site "Le Touquet FRA"]
[Date "2004.10.28"]
[Round "5"]
[White "Kononenko,T"]
[Black "Schott,R"]
[Result "1-0"]
[WhiteElo "2305"]
[BlackElo "2129"]

1.d4 Nf6 2.c4 e6 3.Nf3 b6 4.a3 Ba6 5.Qc2 Bb7 6.Nc3 c5 7.dxc5 bxc5 8.Bf4 Nh5
9.Bg5 Qc7 10.e3 a6 11.Be2 Nc6 12.Rd1 Be7 13.Ne4 O-O 14.Bxe7 Nxe7 15.Nfg5 f5
16.Bxh5 fxe4 17.Nxe4 Qe5 18.Bf3 Bc6 19.Nd2 Rab8 20.b3 Rf7 21.Bxc6 Nxc6 22.O-O Rbf8
23.Ne4 Qh5 24.f4 h6 25.Rf2 e5 26.Rd5 Qg4 27.fxe5 Rf5 28.Nf6+  1-0

[Event "WYb16"]
[Site "Heraklio GRE"]
[Date "2004.11.06"]
[Round "4"]
[White "Moranda,W"]
[Black "Pileckis,E"]
[Result "1-0"]
[WhiteElo "2458"]
[BlackElo "2225"]

1.d4 Nf6 2.c4 e6 3.Nf3 b6 4.a3 Ba6 5.Qc2 Bb7 6.Nc3 c5 7.e4 cxd4 8.Nxd4 d6
9.Bg5 Be7 10.Rd1 O-O 11.Be2 a6 12.O-O Nbd7 13.Rfe1 Qc7 14.f4 Nc5 15.Bf3 h6
16.Bh4 Ncd7 17.Qe2 Rfe8 18.e5 Bxf3 19.Nxf3 dxe5 20.fxe5 Bc5+ 21.Kh1 Nh7 22.Ne4 Nhf8
23.Bg3 Rac8 24.b4 Be7 25.Nf6+ Bxf6 26.exf6 Qxc4 27.fxg7 Kxg7 28.Qe3 Qb5 29.Ne5 f6
30.a4 Qxa4 31.Ng4 Qc2 32.Rd3 e5 33.Red1 Rc7 34.h3 Qc4 35.Qxh6+ Kf7 36.Qh5+ Ke7
37.Nh6 Qa2 38.Bh4 Rc6 39.Rd5  1-0

[Event "TCh-SWE Elitserien 2004-5"]
[Site "Skara SWE"]
[Date "2004.11.06"]
[Round "2"]
[White "Bator,R"]
[Black "Tallinger,T"]
[Result "1-0"]
[WhiteElo "2419"]
[BlackElo "2080"]

1.d4 e6 2.Nf3 Nf6 3.c4 b6 4.a3 Be7 5.Nc3 Bb7 6.d5 O-O 7.e4 exd5 8.cxd5 a5
9.Bd3 Na6 10.O-O Nc5 11.Bc2 d6 12.Re1 Nfd7 13.Nd4 Bf6 14.Rb1 Ne5 15.f4 Ng6
16.b4 axb4 17.axb4 Nd7 18.Be3 Re8 19.Ba4 Rxa4 20.Qxa4 Nxf4 21.Qc2 Be5 22.Ncb5 Nf6
23.Qxc7 Qxc7 24.Nxc7 Rc8 25.Ndb5 Ng4 26.Rb3 Nxe3 27.Rbxe3 Rf8 28.g3 Nh5 29.Ra3 Bc8
30.Ra8 f5 31.exf5 Nf6 32.Ne6 Bxe6 33.Rxf8+ Kxf8 34.dxe6 Nd5 35.Rc1 Nxb4 36.Rc8+ Ke7  1-0

[Event "British Rapidplay"]
[Site "Halifax ENG"]
[Date "2004.11.13"]
[Round "5"]
[White "Pert,N"]
[Black "Gormally,D"]
[Result "1/2-1/2"]
[WhiteElo "2501"]
[BlackElo "2472"]

1.d4 Nf6 2.Nf3 e6 3.c4 b6 4.a3 Bb7 5.Nc3 d5 6.cxd5 Nxd5 7.Qc2 Nd7 8.e4 Nxc3
9.bxc3 Be7 10.Bd3 c5 11.O-O Qc7 12.Qe2 O-O 13.a4 Rfe8 14.Be3 c4 15.Bc2 e5
16.Nxe5 Nxe5 17.dxe5 Qxe5 18.Bd4 Qe6 19.Rae1 Rac8 20.Qh5 Qg6 21.Qh3 Qe6 22.Qg3 Qg6
23.Qh3 Qe6 24.Qg3 Qg6 25.Qh3 Qe6 26.f4 Bc5  1/2-1/2

[Event "ch-CRO"]
[Site "Zagreb CRO"]
[Date "2004.11.16"]
[Round "1"]
[White "Kozul,Z"]
[Black "Saric,A"]
[Result "1/2-1/2"]
[WhiteElo "2640"]
[BlackElo "2437"]

1.d4 Nf6 2.Nf3 e6 3.c4 b6 4.a3 Ba6 5.e3 d5 6.b3 c5 7.Bd3 g6 8.cxd5 Bxd3 9.Qxd3 exd5
10.dxc5 bxc5 11.O-O Bg7 12.Bb2 O-O 13.Nc3 Qd7 14.Rac1 Rd8 15.Rc2 a5 16.Qd1 d4
17.exd4 cxd4 18.Na4 d3 19.Rc4 Qb5 20.Nd4 Qh5 21.Qxh5 Nxh5 22.Rd1 Nd7 23.Nc6 Re8
24.Bxg7 Kxg7 25.g3 Nhf6 26.Rxd3 Re1+ 27.Kg2 Ra1 28.g4 h6 29.h4 Nf8 30.Nb6 Ra6
31.Nd5 Nxd5 32.Rxd5 Rxa3 33.Ne5 Rxb3 34.Rc7 Rf6 35.Ra7 Rb2 36.Nd3 Rd2 37.Nf4 Ra2
38.Kg3 Ne6  1/2-1/2

[Event "Acropolis IM Open"]
[Site "Athens GRE"]
[Date "2004.11.17"]
[Round "2"]
[White "Skembris,S"]
[Black "Rozentalis,E"]
[Result "1/2-1/2"]
[WhiteElo "2446"]
[BlackElo "2595"]

1.d4 Nf6 2.c4 e6 3.Nf3 b6 4.a3 Bb7 5.Nc3 d5 6.cxd5 exd5 7.g3 Bd6 8.Qa4+ c6
9.Bg5 O-O 10.Bh3 Be7 11.O-O Ne4 12.Nxe4 dxe4 13.Bxe7 Qxe7 14.Nh4 g6 15.Rac1 Na6
16.Ng2 Nc7 17.Ne3 h5 18.Rfd1 Rfd8 19.Qc2 Nd5 20.Nxd5 Rxd5 21.Bg2 Re8 22.b4 h4
23.Qa4 hxg3 24.hxg3 a6 25.e3 Kg7 26.Rc3 Qg5 27.Rdc1 Rd6 28.Qc2 f5 29.a4 Qd8  1/2-1/2

[Event "Acropolis IM Open"]
[Site "Athens GRE"]
[Date "2004.11.17"]
[Round "2"]
[White "Gershon,A"]
[Black "Angelopoulos,G"]
[Result "1-0"]
[WhiteElo "2524"]
[BlackElo "2104"]

1.d4 Nf6 2.c4 e6 3.Nf3 b6 4.a3 Bb7 5.Nc3 d5 6.cxd5 Nxd5 7.Qc2 Nxc3 8.bxc3 c5
9.e4 Be7 10.Bd3 O-O 11.O-O Qc8 12.Qe2 Ba6 13.Rd1 Bxd3 14.Rxd3 Nd7 15.e5 cxd4
16.cxd4 Re8 17.Bg5 Bf8 18.h4 Qc4 19.Nd2 Qd5 20.Ne4 Rac8 21.Rad1 Rc4 22.Bf4 Rec8
23.Ng5 g6 24.h5 Rc3 25.hxg6 fxg6 26.Qg4 Rxd3 27.Rxd3 Re8 28.Nxh7 Qe4 29.Rh3 Bg7
30.Qh4 Qxd4 31.Rg3 Qe4 32.Nf6+ Nxf6 33.exf6 e5 34.fxg7 exf4 35.Rc3 Qe7 36.Qh8+ Kf7
37.Rc4 g5 38.Rc6 Qe2 39.Rf6+  1-0

[Event "ch-CRO"]
[Site "Zagreb CRO"]
[Date "2004.11.18"]
[Round "3"]
[White "Cebalo,M"]
[Black "Saric,A"]
[Result "1-0"]
[WhiteElo "2520"]
[BlackElo "2437"]

1.d4 Nf6 2.c4 e6 3.Nf3 b6 4.a3 Ba6 5.e3 d5 6.b3 c5 7.Bd3 cxd4 8.exd4 g6 9.O-O Bg7
10.Nc3 O-O 11.Bg5 Nc6 12.cxd5 Bxd3 13.Qxd3 exd5 14.Rac1 Qd6 15.Rfd1 Rac8
16.Nb5 Qb8 17.g3 Ne4 18.Bf4 Qb7 19.h4 a6 20.Nd6 Nxd6 21.Bxd6 Rfe8 22.Re1 Qd7
23.Bf4 b5 24.b4 Rxe1+ 25.Rxe1 Nd8 26.Ne5 Qb7 27.h5 Qe7 28.hxg6 hxg6 29.Qe2 Nc6
30.Qg4 Qb7 31.Nxf7 Rf8 32.Nd6 Qc7 33.Qe6+  1-0

[Event "TCh-ISL 2004-5"]
[Site "Reykjavik ISL"]
[Date "2004.11.19"]
[Round "1"]
[White "Thorfinnsson,Br"]
[Black "Thorsteinsson,B"]
[Result "1-0"]
[WhiteElo "2435"]
[BlackElo "2219"]

1.d4 Nf6 2.c4 e6 3.Nf3 b6 4.a3 Bb7 5.Nc3 d5 6.cxd5 Nxd5 7.Qc2 Nxc3 8.bxc3 Nd7
9.e4 Be7 10.Bd3 c5 11.Qe2 Qc7 12.O-O O-O 13.Bb2 c4 14.Bxc4 Bxe4 15.Nd2 Bb7
16.f4 Bd6 17.Qf2 Nf6 18.Rae1 Nd5 19.g3 Qc6 20.Bxd5 Qxd5 21.Qf3 Qxf3 22.Nxf3 Rac8
23.Ne5 f6 24.Ng4 Rfe8 25.Ne3 b5 26.Rf2 Re7 27.Ra1 Be4 28.a4 a6 29.axb5 axb5
30.Ra6 Rc6 31.Ra5 Rb7 32.Rd2 Bc7 33.Ra8+ Rb8 34.Ra7 Bb6 35.Ra6 f5 36.Ra2 Rd8
37.Kf2 Rcd6 38.Ba3 Rc6 39.Bb4 Rd7 40.Ra8+ Rd8 41.Rda2 Rcc8 42.R8a6 Ra8 43.R2a3 Rab8
44.Ke2 Rd7 45.Ra2 Kf7 46.Rb2 Ra7 47.Rxa7+ Bxa7 48.Ra2 Rb7 49.Ra6 Bb6 50.Nd1 Bd8
51.Nf2 Bd5 52.Kd2 Bc4 53.Nd1 Be7 54.Bxe7 Kxe7 55.Ne3 Bd5 56.Nc2 Bc4 57.Nb4  1-0

[Event "TCh-AUT"]
[Site "Graz AUT"]
[Date "2004.11.20"]
[Round "2"]
[White "Babula,V"]
[Black "Atlas,V"]
[Result "1/2-1/2"]
[WhiteElo "2571"]
[BlackElo "2485"]

1.d4 Nf6 2.c4 e6 3.Nf3 b6 4.a3 Bb7 5.Nc3 g6 6.Qc2 Bxf3 7.exf3 Nc6 8.Be3 Bg7
9.O-O-O Ne7 10.g4 d5 11.h4 h5 12.Bg5 c6 13.Rg1 Rc8 14.Kb1 Qd7 15.Bd3 Kf8  1/2-1/2

[Event "TCh-ISL 2004-5"]
[Site "Reykjavik ISL"]
[Date "2004.11.20"]
[Round "2"]
[White "Pedersen,Stef"]
[Black "Steindorsson,S"]
[Result "1/2-1/2"]
[WhiteElo "2441"]
[BlackElo "2227"]

1.d4 Nf6 2.c4 e6 3.Nf3 b6 4.a3 Bb7 5.Nc3 d5 6.cxd5 exd5 7.Bg5 Be7 8.Bxf6 Bxf6
9.g3 O-O 10.Bg2 Na6 11.O-O c5 12.e3 Nc7 13.Qd2 Qe7 14.Rfe1 Rfd8 15.Rad1 Ne6
16.Qc2 g6 17.Rd2 Bg7 18.Qd1 Rac8 19.h4  1/2-1/2

[Event "TCh-ISL 2004-5"]
[Site "Reykjavik ISL"]
[Date "2004.11.20"]
[Round "3"]
[White "Pedersen,Stef"]
[Black "Olafsson,H1"]
[Result "1/2-1/2"]
[WhiteElo "2441"]
[BlackElo "2531"]

1.d4 Nf6 2.c4 e6 3.Nf3 b6 4.a3 Bb7 5.Nc3 d5 6.cxd5 Nxd5 7.Qc2 Be7 8.e4 Nxc3
9.bxc3 O-O 10.Bd3 c5 11.O-O Qc8 12.Qe2 Ba6 13.Rd1 Bxd3 14.Rxd3 Nd7 15.h4 cxd4
16.cxd4 Qc4 17.Bg5 f6 18.Bf4 Rac8 19.Rad1 Rfe8 20.Bg3 Bf8 21.Qe3 b5  1/2-1/2

[Event "TCh-ISL 2004-5"]
[Site "Reykjavik ISL"]
[Date "2004.11.21"]
[Round "4"]
[White "Thorfinnsson,Br"]
[Black "Thorhallsson,G"]
[Result "1-0"]
[WhiteElo "2435"]
[BlackElo "2178"]

1.d4 Nf6 2.c4 e6 3.Nf3 b6 4.a3 Bb7 5.Nc3 d5 6.cxd5 Nxd5 7.e3 Nd7 8.Bd3 c5
9.e4 Nxc3 10.bxc3 cxd4 11.cxd4 Be7 12.O-O O-O 13.Bb2 Nf6 14.Re1 Qd7 15.Ne5 Qd8
16.f4 Rc8 17.Qf3 Rc7 18.f5 exf5 19.Qxf5 Qc8 20.Qf1 Ng4 21.Nf3 Bc6 22.h3 Nf6
23.d5 Ba4 24.Nd4 Re8 25.Nf5 Bf8 26.Bxf6 gxf6 27.Qf4 Rc3 28.Re3 Qc5 29.Kh1 Rc1+
30.Rxc1 Qxc1+ 31.Kh2 Kh8 32.Nh6 Bg7  1-0

[Event "Acropolis IM Open"]
[Site "Athens GRE"]
[Date "2004.11.23"]
[Round "8"]
[White "Moutousis,K"]
[Black "Parligras,M"]
[Result "0-1"]
[WhiteElo "2422"]
[BlackElo "2559"]

1.d4 Nf6 2.c4 e6 3.Nf3 b6 4.a3 Bb7 5.Nc3 d5 6.cxd5 Nxd5 7.Bd2 Nf6 8.Qc2 c5
9.dxc5 Bxc5 10.Bg5 Nbd7 11.e3 O-O 12.Be2 Be7 13.O-O Rc8 14.Qa4 Nc5 15.Qf4 Nd3
16.Bxd3 Qxd3 17.Rfd1 Qc4 18.Qxc4 Rxc4 19.Ne5 Rc7 20.f3 Rfc8 21.Bh4 Ba6 22.Bf2 Ne8
23.e4 Nd6 24.Bg3 Nb5 25.Na4 h5 26.h4 Rc2 27.Rd7 Bd6 28.Rd1 f6 29.R1xd6 Nxd6
30.Ng6 Kh7 31.Ne7 R8c7 32.Rxc7 Rxc7 33.Bxd6 Rd7 34.Bb4 Bb7 35.Kf2 Rc7 36.Bd6 Rd7
37.Bb4 Rc7 38.Bd6 Rc2+ 39.Kg3 Ba6 40.e5 Bf1 41.Nc3 g5 42.hxg5 Rxg2+ 43.Kh4 f5
44.Ncd5 exd5 45.e6 Re2 46.g6+ Kg7 47.Kg5 Rg2+ 48.Kxh5 Kf6 49.Nxd5+ Kxe6 50.Nf4+ Kxd6
51.Nxg2 Bxg2 52.f4 Bd5 53.Kg5 Ke6 54.Kh6 Kf6 55.b4 b5 56.Kh5 Kg7 57.Kg5 Be4
58.Kh5 Bf3+ 59.Kg5 Bg4  0-1

[Event "Lushki B"]
[Site "Serpukhov RUS"]
[Date "2004.11.24"]
[Round "8"]
[White "Golovchenko,G"]
[Black "Sobyanin,V"]
[Result "1/2-1/2"]
[WhiteElo "2353"]
[BlackElo "2277"]

1.d4 e6 2.c4 Nf6 3.Nf3 b6 4.a3 Bb7 5.Nc3 Be7 6.d5 d6 7.e4 e5 8.Be2 O-O 9.O-O c6
10.b4 cxd5 11.cxd5 Ba6 12.Bxa6 Nxa6 13.Qd3 Nc7 14.Be3 Ng4 15.Bd2 Qd7 16.h3 Nf6
17.Be3 Nh5 18.Nd2 g6 19.a4 f5 20.f3 Bh4 21.Rfc1 f4 22.Bf2 Bxf2+ 23.Kxf2 g5
24.Nb5 Nxb5 25.Qxb5 Qe7 26.Rc6 g4 27.fxg4 Qh4+ 28.Kg1 f3 29.gxh5 Qg5 30.Nxf3 Rxf3
31.Rf1 Qe3+ 32.Kh2 Qf4+ 33.Kg1 Qe3+ 34.Kh2 Qf4+ 35.Kg1 Qe3+ 36.Kh2  1/2-1/2

[Event "17th Belgrade Trophy"]
[Site "Obrenovac SCG"]
[Date "2004.11.25"]
[Round "4"]
[White "Milanovic,Da"]
[Black "Irizanin,R"]
[Result "1/2-1/2"]
[WhiteElo "2434"]
[BlackElo "2240"]

1.d4 Nf6 2.c4 e6 3.Nf3 b6 4.a3 Ba6 5.e3 Be7 6.Bd3 O-O 7.O-O c5 8.b3 cxd4
9.exd4 d5 10.Bb2 Nc6 11.Nbd2 Rc8 12.Re1 Na5 13.Ne5 dxc4 14.bxc4 Nd7 15.Rc1 Nxe5
16.Rxe5 Bf6 17.Re4 g6 18.Qe2 Bg7 19.Bc3 Bb7 20.Rg4 Re8 21.Bxa5 bxa5 22.c5 f5
23.Rg3 Qxd4 24.Bb5 Bc6 25.Nb3 Qb2 26.Qxb2 Bxb2 27.Bxc6 Rxc6 28.Rb1 a4 29.Rxb2 axb3
30.Rgxb3 Rxc5 31.h4 Re7 32.g3 Kf7 33.Rb7 Ra5 34.Rxe7+ Kxe7 35.Rb7+ Kf6 36.Rxh7 Rxa3
37.Kg2 a5 38.Ra7 Ra2 39.Kf3 a4 40.Ke3 Ra3+ 41.Ke2 Ke5 42.Kf1 f4 43.gxf4+ Kxf4
44.Rf7+ Ke5 45.Ra7 Ra1+ 46.Kg2 a3 47.Ra4 Kd5 48.Ra6 a2 49.Ra8 Ke4 50.Ra4+ Kf5
51.Ra8 Kg4 52.Ra4+ Kh5 53.Kh2 e5 54.Kg2 e4 55.Kh2 Kh6 56.Ra7 Kh5 57.Ra4 g5
58.hxg5 Kxg5 59.Kg2 Kf4 60.Ra8 Ke5 61.Ra5+ Kd4 62.Ra4+ Kc3 63.Ra8 Kb2 64.Rb8+ Kc2
65.Rc8+ Kb2  1/2-1/2

[Event "17th Belgrade Trophy"]
[Site "Obrenovac SCG"]
[Date "2004.11.25"]
[Round "4"]
[White "Starcevic,G"]
[Black "Marinkov,S"]
[Result "1-0"]
[WhiteElo "2167"]
[BlackElo "2044"]

1.d4 Nf6 2.c4 e6 3.Nf3 b6 4.a3 d5 5.cxd5 exd5 6.Nc3 Bb7 7.Bg5 Be7 8.e3 O-O
9.Qc2 Nbd7 10.Bd3 h6 11.h4 a6 12.Bf5 c5 13.Rd1 Qc7 14.g4 Rfe8 15.Bxf6 Nxf6
16.g5 Ne4 17.gxh6 g6 18.Rg1 Kh8 19.Ne5 Bxh4 20.Nxe4 gxf5 21.Ng5 Rxe5 22.dxe5 Qd7
23.Rg4 f6 24.e6  1-0

[Event "Lushki B"]
[Site "Serpukhov RUS"]
[Date "2004.11.28"]
[Round "14"]
[White "Golovchenko,G"]
[Black "Goltsov,D"]
[Result "0-1"]
[WhiteElo "2353"]
[BlackElo "2296"]

1.d4 Nf6 2.c4 e6 3.Nf3 b6 4.a3 Ba6 5.e3 d5 6.b3 Bd6 7.Bd3 O-O 8.Nbd2 Nbd7
9.Bb2 c5 10.O-O Qe7 11.Ne5 Rac8 12.f4 Bb7 13.a4 Rfd8 14.a5 Nf8 15.Qe2 Ne4
16.axb6 axb6 17.Nxe4 dxe4 18.Bc2 f6 19.Ng4 f5 20.dxc5 Bxc5 21.Ne5 Nd7 22.Rfd1 Nxe5
23.Bxe5 Bd6 24.Bxd6 Rxd6 25.Rxd6 Qxd6 26.Rd1 Qc5 27.Qd2 b5 28.Qd4 Kf8 29.Qc3 Bd5
30.Rd4 Qa3 31.Rd1 Rxc4 32.Qd2 Rc8 33.b4 Qb2 34.Rc1 Kg8 35.Qd1 Bb3  0-1

[Event "XXI WJun Women"]
[Site "Kochin IND"]
[Date "2004.11.29"]
[Round "12"]
[White "Ramya,K"]
[Black "Aketaeva,D"]
[Result "1-0"]
[WhiteElo "2096"]
[BlackElo "2223"]

1.d4 Nf6 2.c4 e6 3.Nf3 b6 4.a3 Bb7 5.Bg5 Be7 6.Nc3 Ne4 7.Nxe4 Bxe4 8.Bxe7 Qxe7
9.e3 O-O 10.Bd3 f5 11.O-O c5 12.Bxe4 fxe4 13.Nd2 cxd4 14.exd4 d5 15.cxd5 exd5
16.Qb3 Qe6 17.Rae1 Re8 18.Qe3 Nd7 19.Nb1 Nf6 20.Nc3 Qd7 21.Rc1 Rac8 22.h3 Rc4
23.b3 Rcc8 24.Ne2 Qd6 25.Rxc8 Rxc8 26.Rc1 Rd8 27.b4 Qd7 28.Qc3 Rf8 29.Qc7 Qf5
30.Qf4 Qh5 31.Ng3 Qg6 32.Nf5 Kh8 33.Ne7 Qe8 34.Qd6 Qb8 35.Qxb8 Rxb8 36.Rc8+ Rxc8
37.Nxc8 Kg8 38.Nxa7 Kf7 39.Kf1 Ke6 40.Nc8 Nd7 41.Ke2 Kf5 42.Ke3 g5 43.a4 h5
44.f3 exf3 45.Kxf3 Ke6 46.g3 Kf5 47.h4 gxh4 48.gxh4 Ke6 49.Kf4 Kf6 50.b5 Kf7
51.Kf5 Ke8 52.Ke6 Kd8 53.Nd6 Nf8+ 54.Kxd5 Ng6 55.Nf5 Kd7 56.Ke4 Ke6 57.d5+ Kd7
58.Kd4 Nf4 59.Ng3 Ng6 60.Nf5 Nf4 61.Kc4 Ng6  1-0

[Event "Extraliga CZE 2004-5"]
[Site "Czech Rep CZE"]
[Date "2004.12.04"]
[Round "3"]
[White "Babula,V"]
[Black "Cvek,R"]
[Result "1-0"]
[WhiteElo "2571"]
[BlackElo "2487"]

1.d4 Nf6 2.c4 e6 3.Nf3 b6 4.a3 Ba6 5.Qc2 Bb7 6.Nc3 c5 7.e4 cxd4 8.Nxd4 Bc5
9.Nb3 Nc6 10.Bg5 h6 11.Bh4 Nd4 12.Nxd4 Bxd4 13.Bd3 Be5 14.Bg3 Qb8 15.O-O-O O-O
16.Rhe1 d6 17.f3 a6 18.Bxe5 dxe5 19.Bf1 Qc7 20.Rd2 Rad8 21.Red1 Rd4 22.Rxd4 exd4
23.Rxd4 Qxh2 24.Rd1 Rc8 25.Kb1 Bc6 26.c5 bxc5 27.Bxa6 Rb8 28.a4 Qc7 29.Bb5 Nd7
30.Qd2 Nb6 31.Qd6 Qxd6 32.Rxd6 Bxb5 33.axb5 g5 34.b3 Rb7 35.Na4 Nd7 36.b6 Kf8
37.Rxd7 Rxd7 38.Nxc5 Rd8 39.b7 h5 40.Kc2 Ke7 41.Na6 Kd6 42.b8=Q+ Rxb8 43.Nxb8 f5
44.Kd3 h4 45.exf5 exf5 46.Ke3 Kc5 47.Na6+ Kb5 48.Nc7+ Kb4 49.Ne6 g4 50.f4 h3
51.gxh3 gxh3 52.Kf3  1-0

[Event "TCh-BEL 2004-5"]
[Site "Belgium BEL"]
[Date "2004.12.05"]
[Round "5"]
[White "Jaracz,P"]
[Black "Van Beers,E"]
[Result "1-0"]
[WhiteElo "2531"]
[BlackElo "2383"]

1.d4 Nf6 2.Nf3 e6 3.c4 b6 4.a3 Bb7 5.Nc3 d5 6.Bg5 Be7 7.Bxf6 Bxf6 8.cxd5 exd5
9.e3 O-O 10.Bb5 Qd6 11.O-O Nd7 12.Qe2 a6 13.Ba4 Rfe8 14.Rfd1 g6 15.Rac1 Re7
16.Qc2 Rc8 17.Bb3 Bg7 18.Ba2 Nf6 19.b4 Ne4 20.Nxe4 Rxe4 21.Rd3 Re7 22.Rc3 h6
23.Ne1 h5 24.Nd3 h4 25.a4 h3 26.g3 c6 27.Qd1 Rce8 28.Qf1 Qd7 29.a5 bxa5 30.bxa5 Qf5
31.Nf4 Bc8 32.Rxc6 Bh6 33.Bb1 Qg4 34.Nxd5  1-0